Bioclimatología agrícola y agroclimatología /

Guardado en:
Autor Principal: Pascale, Antonio J.
Formato: Libro
Publicado: Argentina : Fauba
Materias:
Etiquetas: Agregar Etiqueta
Sin Etiquetas, Sea el primero en etiquetar este registro!
LEADER 00797nam a22002415a 4500
001 CEM.cems017114
005 20090807170246.0
008 130507b######################000#0#####d
003 CEMS
020 |a 9502908228 
082 0 4 |a 551.6 
100 1 |a Pascale, Antonio J. 
245 1 0 |a Bioclimatología agrícola y agroclimatología /  |c Antonio J. Pascale, Edmundo A. Damario 
260 |a Argentina :  |b Fauba 
300 |a 550 p. 
653 |a AgroclimatologÍa 
653 |a BioclimatologÍa agrÍcola 
653 |a FenologÍa 
653 |a Tipos agroclimÁticos 
653 |a MeteorologÍa 
859 |a CEMS  |b BIB. CEMS - Agricultura  |h 551.6  |i P260  |p A0809.08  |t Ej.1 
859 |a CEMS  |b BIB. CEMS - Agricultura  |h 551.6  |i P260  |p A0810.08  |t Ej.2 
859 |a CEMS  |b BIB. CEMS - Agricultura  |h 551.6  |i P260  |p A0973.09  |t Ej.3